[Event "YUG-Cup 30th"]
[Site "Pula"]
[Date "1987.05.21"]
[Round "4.4"]
[White "Mikac, Matjaz"]
[Black "Mihaljcisin, Mihajlo"]
[Result "1/2-1/2"]
[WhiteElo "2255"]
[BlackElo "2280"]
[PlyCount "89"]
[EventDate "1987.05.18"]
[EventType "team-swiss"]
[EventRounds "5"]
[EventCountry "YUG"]
[SourceTitle "EXT 2018"]
[Source "ChessBase"]
[SourceDate "2017.10.13"]
[SourceVersion "1"]
[SourceVersionDate "2017.10.13"]
[SourceQuality "1"]
[WhiteTeam "Ljubljana Iskra"]
[BlackTeam "Banja Luka Nikica Pavlic"]
[WhiteTeamCountry "YUG"]
[BlackTeamCountry "YUG"]

1. e4 c5 2. c3 e6 3. Nf3 Nc6 4. d4 d5 5. exd5 exd5 6. Bb5 Bd6 7. dxc5 Bxc5 8. 0-0 Nge7 9. Nbd2 0-0 10. Nb3 Bb6 11. Re1 Qd6 12. Be3 Bxe3 13. Rxe3 Bg4 14. Be2 Rad8 15. Nfd4 Bd7 16. Bd3 Ng6 17. Qh5 Rfe8 18. Rae1 Rxe3 19. Rxe3 Nce5 20. Bxg6 Nxg6 21. h3 Re8 22. Nf5 Qb8 23. Rxe8+ Qxe8 24. Ne3 Bc6 25. Nd4 Qe4 26. Qf5 Qxf5 27. Nexf5 Kf8 28. Kf1 Nf4 29. b4 Ne6 30. Ke2 g6 31. Nxe6+ fxe6 32. Nd4 Ke7 33. f4 Kf6 34. g4 h6 35. h4 g5 36. hxg5+ hxg5 37. fxg5+ Kxg5 38. Nxe6+ Kxg4 39. Ke3 Kf5 40. Nd4+ Ke5 41. Nf3+ Kd6 42. Kd4 b6 43. Ne5 Be8 44. Nd3 Bb5 45. Nb2 1/2-1/2

[Event "Banja Luka"]
[Site "Banja Luka"]
[Date "1987.??.??"]
[Round "7"]
[White "Dzevlan, Miralem"]
[Black "Mihaljcisin, Mihajlo"]
[Result "1/2-1/2"]
[WhiteElo "2330"]
[BlackElo "2280"]
[PlyCount "32"]
[EventDate "1987.04.??"]
[EventType "tourn"]
[EventRounds "13"]
[EventCountry "YUG"]
[EventCategory "7"]
[SourceTitle "EXT 1997"]
[Source "ChessBase"]
[SourceDate "1996.11.15"]
[SourceVersion "1"]
[SourceVersionDate "1996.11.15"]
[SourceQuality "1"]

1. e4 c5 2. Nf3 Nc6 3. d4 cxd4 4. Nxd4 Nf6 5. Nc3 d6 6. Bc4 Qb6 7. Nb3 e6 8. Be3 Qc7 9. Qe2 Be7 10. 0-0-0 a6 11. g4 Ne5 12. Bd3 Nfxg4 13. Bd4 Nf6 14. Rhg1 Ng6 15. Be3 e5 16. h4 h5 1/2-1/2

[Event "Banja Luka"]
[Site "Banja Luka"]
[Date "1987.??.??"]
[Round "3"]
[White "Filipovic, Branko"]
[Black "Mihaljcisin, Mihajlo"]
[Result "0-1"]
[WhiteElo "2415"]
[BlackElo "2280"]
[PlyCount "122"]
[EventDate "1987.04.??"]
[EventType "tourn"]
[EventRounds "13"]
[EventCountry "YUG"]
[EventCategory "7"]
[SourceTitle "EXT 1997"]
[Source "ChessBase"]
[SourceDate "1996.11.15"]
[SourceVersion "1"]
[SourceVersionDate "1996.11.15"]
[SourceQuality "1"]

1. e4 c5 2. c3 e6 3. d4 d5 4. e5 Nc6 5. Nf3 Bd7 6. Be3 Qb6 7. Qd2 Rc8 8. dxc5 Bxc5 9. Bxc5 Qxc5 10. Qg5 Qf8 11. Nbd2 f6 12. Qg3 fxe5 13. Nxe5 Nxe5 14. Qxe5 Qf6 15. Qe3 Ne7 16. Qxa7 0-0 17. Bd3 e5 18. 0-0 e4 19. Be2 Ng6 20. Rfd1 Nf4 21. Bf1 Bg4 22. f3 exf3 23. gxf3 Bh3 24. Qf2 Rce8 25. Re1 Bxf1 26. Qxf1 Qb6+ 27. Kh1 Qxb2 28. Rxe8 Rxe8 29. Re1 Rc8 30. Nb1 Rc6 31. Rd1 Qxa2 32. Rd2 Qa1 33. Qb5 Qa6 34. Qxa6 bxa6 35. Rd4 g5 36. Ra4 Re6 37. h4 Re1+ 38. Kh2 Rxb1 39. hxg5 Ne6 40. Rxa6 Nxg5 41. Ra5 Nxf3+ 42. Kg3 Nd2 43. Rxd5 Ne4+ 44. Kf4 Nxc3 45. Rc5 Rb4+ 46. Kf3 Ne4 47. Rc8+ Kg7 48. Ra8 Kg6 49. Rg8+ Kf5 50. Rf8+ Nf6 51. Kg3 Kg5 52. Ra8 Rb3+ 53. Kh2 h5 54. Ra7 Ng4+ 55. Kg2 Rb2+ 56. Kh1 Rc2 57. Ra5+ Kf4 58. Ra1 Ne5 59. Ra3 h4 60. Ra1 Ng4 61. Rf1+ Kg3 0-1

[Event "Banja Luka"]
[Site "Banja Luka"]
[Date "1987.??.??"]
[Round "9"]
[White "Gavric, Miladin"]
[Black "Mihaljcisin, Mihajlo"]
[Result "1/2-1/2"]
[WhiteElo "2320"]
[BlackElo "2280"]
[PlyCount "97"]
[EventDate "1987.04.??"]
[EventType "tourn"]
[EventRounds "13"]
[EventCountry "YUG"]
[EventCategory "7"]
[SourceTitle "EXT 1997"]
[Source "ChessBase"]
[SourceDate "1996.11.15"]
[SourceVersion "1"]
[SourceVersionDate "1996.11.15"]
[SourceQuality "1"]

1. d4 d5 2. c4 e6 3. Nf3 c5 4. cxd5 exd5 5. g3 Nc6 6. Bg2 Nf6 7. 0-0 Be7 8. Nc3 0-0 9. Bg5 cxd4 10. Nxd4 h6 11. Be3 Re8 12. Rc1 Bf8 13. Nxc6 bxc6 14. Na4 Bd7 15. Bc5 Ne4 16. Bxf8 Kxf8 17. Qd4 Kg8 18. e3 Qa5 19. b3 Rac8 20. Rc2 Bf5 21. Rfc1 Ng5 22. Rc5 Qa6 23. Qd1 Nh3+ 24. Bxh3 Bxh3 25. Qh5 Be6 26. R5c2 Qd3 27. Nc5 Qf5 28. Qxf5 Bxf5 29. Rd2 Kf8 30. Rd4 Rc7 31. Kg2 Ke7 32. f3 g5 33. Kf2 Bc8 34. e4 dxe4 35. Nxe4 Be6 36. Nc5 Bd5 37. Nd3 Be6 38. f4 Rd8 39. Rxd8 Kxd8 40. Ne5 Bd5 41. Ng4 gxf4 42. gxf4 f5 43. Ne3 Be4 44. Rg1 Rd7 45. Rd1 Rxd1 46. Nxd1 c5 47. Nc3 Bc6 48. Ke3 Kc7 49. Kd3 1/2-1/2

[Event "Banja Luka"]
[Site "Banja Luka"]
[Date "1987.??.??"]
[Round "11"]
[White "Hulak, Krunoslav"]
[Black "Mihaljcisin, Mihajlo"]
[Result "1/2-1/2"]
[WhiteElo "2540"]
[BlackElo "2280"]
[PlyCount "83"]
[EventDate "1987.04.??"]
[EventType "tourn"]
[EventRounds "13"]
[EventCountry "YUG"]
[EventCategory "7"]
[SourceTitle "EXT 1997"]
[Source "ChessBase"]
[SourceDate "1996.11.15"]
[SourceVersion "1"]
[SourceVersionDate "1996.11.15"]
[SourceQuality "1"]

1. d4 Nf6 2. Nf3 d5 3. Bg5 c5 4. e3 Nc6 5. c3 Ne4 6. Bf4 g6 7. Nbd2 Nxd2 8. Qxd2 cxd4 9. exd4 Bg7 10. Bb5 0-0 11. 0-0 Bg4 12. Bxc6 bxc6 13. Ne5 Qc8 14. Bh6 Bf5 15. Rfe1 c5 16. Bxg7 Kxg7 17. b4 c4 18. a4 f6 19. Nf3 Be4 20. Re3 Rf7 21. Ne1 h5 22. f3 Bf5 23. g3 Bh3 24. Ng2 Bxg2 25. Kxg2 h4 26. a5 Qd7 27. Rae1 hxg3 28. hxg3 Rh8 29. Re6 Kf8 30. Qf4 Qc8 31. g4 g5 32. Qg3 a6 33. Rb6 Kg7 34. Rh1 Rxh1 35. Kxh1 Rf8 36. Kg2 Rh8 37. f4 gxf4 38. Qxf4 Rh4 39. Kg3 Qh8 40. Rb7 Kf7 41. Rxe7+ Kxe7 42. Qc7+ 1/2-1/2

[Event "Banja Luka"]
[Site "Banja Luka"]
[Date "1987.??.??"]
[Round "2"]
[White "Mihaljcisin, Mihajlo"]
[Black "Matulovic, Milan"]
[Result "1/2-1/2"]
[WhiteElo "2280"]
[BlackElo "2485"]
[PlyCount "26"]
[EventDate "1987.04.??"]
[EventType "tourn"]
[EventRounds "13"]
[EventCountry "YUG"]
[EventCategory "7"]
[SourceTitle "EXT 1997"]
[Source "ChessBase"]
[SourceDate "1996.11.15"]
[SourceVersion "1"]
[SourceVersionDate "1996.11.15"]
[SourceQuality "1"]

1. e4 c5 2. c3 Nf6 3. e5 Nd5 4. d4 cxd4 5. Nf3 Nc6 6. Bc4 Nb6 7. Bb3 d5 8. exd6 Qxd6 9. 0-0 Be6 10. Bxe6 Qxe6 11. Nxd4 Nxd4 12. Qxd4 Rd8 13. Qf4 Qc6 1/2-1/2

[Event "Banja Luka"]
[Site "Banja Luka"]
[Date "1987.??.??"]
[Round "6"]
[White "Mihaljcisin, Mihajlo"]
[Black "Trepp, Markus"]
[Result "1/2-1/2"]
[WhiteElo "2280"]
[BlackElo "2405"]
[PlyCount "84"]
[EventDate "1987.04.??"]
[EventType "tourn"]
[EventRounds "13"]
[EventCountry "YUG"]
[EventCategory "7"]
[SourceTitle "EXT 1997"]
[Source "ChessBase"]
[SourceDate "1996.11.15"]
[SourceVersion "1"]
[SourceVersionDate "1996.11.15"]
[SourceQuality "1"]

1. e4 c5 2. Nf3 Nc6 3. c3 Nf6 4. e5 Nd5 5. d4 cxd4 6. Bc4 e6 7. cxd4 d6 8. 0-0 Be7 9. Qe2 0-0 10. a3 Nb6 11. Bd3 dxe5 12. dxe5 Nd4 13. Nxd4 Qxd4 14. Rd1 Qc5 15. Nc3 Bd7 16. Bf4 Qc8 17. Qh5 g6 18. Qh6 Bc6 19. Rac1 Rd8 20. Ne4 Bxe4 21. Bxe4 Rxd1+ 22. Rxd1 Qc7 23. h4 Rd8 24. Rc1 Qd7 25. h5 Bf8 26. Qg5 Nd5 27. Bg3 Rc8 28. Re1 Ne7 29. Qe3 b6 30. Bh4 Nf5 31. Bxf5 exf5 32. Bf6 Rc2 33. b4 Rd2 34. hxg6 hxg6 35. g3 Rd3 36. Qc1 Qd4 37. Kg2 Rd2 38. Rf1 f4 39. gxf4 Qe4+ 40. Kg3 Qd3+ 41. Kg2 Qd7 42. Kg3 Qd3+ 1/2-1/2

[Event "Banja Luka"]
[Site "Banja Luka"]
[Date "1987.??.??"]
[Round "8"]
[White "Mihaljcisin, Mihajlo"]
[Black "Wiedenkeller, Michael"]
[Result "1/2-1/2"]
[WhiteElo "2280"]
[BlackElo "2460"]
[PlyCount "102"]
[EventDate "1987.04.??"]
[EventType "tourn"]
[EventRounds "13"]
[EventCountry "YUG"]
[EventCategory "7"]
[SourceTitle "EXT 1997"]
[Source "ChessBase"]
[SourceDate "1996.11.15"]
[SourceVersion "1"]
[SourceVersionDate "1996.11.15"]
[SourceQuality "1"]

1. e4 e5 2. Nf3 Nc6 3. Bb5 a6 4. Ba4 Nf6 5. 0-0 Be7 6. Re1 b5 7. Bb3 0-0 8. a4 b4 9. d3 d6 10. c3 Rb8 11. Nbd2 Na5 12. Bc2 c5 13. h3 Be6 14. Ng5 b3 15. Bb1 Bd7 16. Nf1 g6 17. Ng3 Ne8 18. Nf3 Bf6 19. d4 c4 20. Be3 Qc7 21. Nh2 Bg7 22. f4 exd4 23. Bxd4 Bxd4+ 24. Qxd4 Qb6 25. Nf3 Ng7 26. e5 dxe5 27. Qxb6 Rxb6 28. fxe5 f5 29. exf6 Rfxf6 30. Be4 Rfd6 31. Rad1 Kf8 32. Bd5 Be6 33. Bxe6 Nxe6 34. Ne5 Ke7 35. Ne4 Rxd1 36. Rxd1 Nf4 37. g3 Nd3 38. Nxd3 cxd3 39. Nc5 Nc4 40. Re1+ Kf7 41. Nxd3 Rd6 42. Rd1 Rd5 43. Kf2 Ra5 44. Ra1 Kf6 45. Ke2 Kg5 46. Kf3 Kf5 47. Nc1 Nxb2 48. Nxb3 Rxa4 49. Nd4+ Kf6 50. Rb1 Nc4 51. Rb4 Rxb4 1/2-1/2

[Event "Tirnavia-B"]
[Site "Trnava"]
[Date "1983.04.01"]
[Round "13"]
[White "Nun, Jiri"]
[Black "Mihaljcisin, Mihajlo"]
[Result "1/2-1/2"]
[WhiteElo "2365"]
[BlackElo "2275"]
[PlyCount "102"]
[EventDate "1983.03.18"]
[EventType "tourn"]
[EventRounds "13"]
[EventCountry "CSR"]
[EventCategory "4"]
[SourceTitle "EXT 1998"]
[Source "ChessBase"]
[SourceDate "1997.11.17"]
[SourceVersion "1"]
[SourceVersionDate "1997.11.17"]
[SourceQuality "1"]

1. Nf3 Nf6 2. b3 d5 3. Bb2 g6 4. e3 Bg7 5. Be2 0-0 6. 0-0 c5 7. d4 Ne4 8. c4 Nc6 9. Na3 cxd4 10. exd4 Be6 11. Nc2 Qa5 12. Qe1 Rac8 13. Ne3 dxc4 14. bxc4 Rfd8 15. Qxa5 Nxa5 16. Rac1 b6 17. Rfd1 Nd6 18. Nd2 Ndb7 19. Nf3 Nd6 20. Nd2 Ndb7 21. Nb1 Nd6 22. Na3 Nf5 23. Nxf5 Bxf5 24. Bc3 Nc6 25. d5 Bxc3 26. Rxc3 Nb4 27. Re3 Kf8 28. Rd2 Bd7 29. h3 Ba4 30. Bf3 Rc7 31. Rb2 Na6 32. Be2 Nc5 33. Nb1 Bd7 34. Nc3 Na4 35. Nxa4 Bxa4 36. Rd2 Rd6 37. Rd4 Bd7 38. Rh4 h5 39. g4 hxg4 40. hxg4 e6 41. Re5 Kg7 42. g5 Rc5 43. Bf3 Ra5 44. Re2 Bc8 45. Rd4 Kf8 46. Kh2 Bb7 47. Red2 Ra3 48. Bg2 Bc8 49. Rh4 Ke7 50. Re2 Rc3 51. Bh3 Rc1 1/2-1/2

[Event "Tirnavia-B"]
[Site "Trnava"]
[Date "1983.03.27"]
[Round "9"]
[White "Manic, Jovica"]
[Black "Mihaljcisin, Mihajlo"]
[Result "1-0"]
[WhiteElo "2350"]
[BlackElo "2275"]
[PlyCount "63"]
[EventDate "1983.03.18"]
[EventType "tourn"]
[EventRounds "13"]
[EventCountry "CSR"]
[EventCategory "4"]
[SourceTitle "EXT 1998"]
[Source "ChessBase"]
[SourceDate "1997.11.17"]
[SourceVersion "1"]
[SourceVersionDate "1997.11.17"]
[SourceQuality "1"]

1. e4 c5 2. Nf3 Nc6 3. d4 cxd4 4. Nxd4 Nf6 5. Nc3 d6 6. f4 e5 7. Nxc6 bxc6 8. fxe5 Ng4 9. Be2 Nxe5 10. 0-0 Be7 11. Be3 0-0 12. Qd2 Be6 13. b3 Re8 14. Rad1 Bf8 15. Na4 Bg4 16. c4 Qc7 17. h3 Be6 18. Bd4 g6 19. Qf4 c5 20. Nxc5 Bxh3 21. Na6 Qb7 22. c5 Bc8 23. Ba1 f5 24. exf5 Bxf5 25. cxd6 Nf7 26. Bc4 Re4 27. Nc5 Rxf4 28. Nxb7 Rxf1+ 29. Rxf1 h5 30. d7 Be7 31. Re1 Kf8 32. Bg7+ 1-0

[Event "Tirnavia-B"]
[Site "Trnava"]
[Date "1983.03.26"]
[Round "8"]
[White "Mihaljcisin, Mihajlo"]
[Black "Franzen, Jozef"]
[Result "0-1"]
[WhiteElo "2275"]
[BlackElo "2345"]
[PlyCount "80"]
[EventDate "1983.03.18"]
[EventType "tourn"]
[EventRounds "13"]
[EventCountry "CSR"]
[EventCategory "4"]
[SourceTitle "EXT 1998"]
[Source "ChessBase"]
[SourceDate "1997.11.17"]
[SourceVersion "1"]
[SourceVersionDate "1997.11.17"]
[SourceQuality "1"]

1. e4 e5 2. Nf3 Nc6 3. d4 exd4 4. c3 dxc3 5. Nxc3 Bb4 6. Bc4 d6 7. Qb3 Be6 8. Bxe6 fxe6 9. 0-0 Qd7 10. Ng5 Bxc3 11. bxc3 Nd8 12. f4 h6 13. Nf3 Ne7 14. Be3 0-0 15. f5 Kh7 16. fxe6 Nxe6 17. Qxb7 Qa4 18. Qb3 Qxe4 19. Rae1 Qg6 20. Bxh6 Nc5 21. Qc4 Nf5 22. Be3 Nxe3 23. Rxe3 Rf5 24. h4 Raf8 25. Ng5+ Kh6 26. Rxf5 Qxf5 27. Rf3 Qb1+ 28. Kh2 Rxf3 29. gxf3 Qe1 30. Kg2 Qd2+ 31. Kh3 Qd3 32. Qf4 Qf1+ 33. Kh2 Qf2+ 34. Kh3 Qf1+ 35. Kh2 Qe2+ 36. Kg3 Nd3 37. Qf5 Qe1+ 38. Kg2 Qf2+ 39. Kh3 Qf1+ 40. Kg3 Qg1+ 0-1

[Event "Tirnavia-B"]
[Site "Trnava"]
[Date "1983.03.25"]
[Round "7"]
[White "Nun, Josef"]
[Black "Mihaljcisin, Mihajlo"]
[Result "1-0"]
[WhiteElo "2380"]
[BlackElo "2275"]
[PlyCount "75"]
[EventDate "1983.03.18"]
[EventType "tourn"]
[EventRounds "13"]
[EventCountry "CSR"]
[EventCategory "4"]
[SourceTitle "EXT 1998"]
[Source "ChessBase"]
[SourceDate "1997.11.17"]
[SourceVersion "1"]
[SourceVersionDate "1997.11.17"]
[SourceQuality "1"]

1. d4 d5 2. Nf3 Nf6 3. Bf4 c5 4. c3 cxd4 5. cxd4 Nc6 6. Nc3 e6 7. e3 a6 8. Rc1 Be7 9. Bd3 Bd7 10. Ne5 Rc8 11. 0-0 0-0 12. g4 Be8 13. Qf3 Nd7 14. Qh3 g6 15. Nxc6 bxc6 16. Bh6 e5 17. Bxf8 Bxf8 18. dxe5 Nxe5 19. Be2 Bd7 20. f4 Nc4 21. Bxc4 dxc4 22. Rcd1 Qe8 23. Qf3 Rb8 24. Rf2 Bg7 25. f5 c5 26. f6 Bh6 27. Nd5 Be6 28. Nc7 Qc8 29. Nxe6 Qxe6 30. g5 Bf8 31. Rfd2 h6 32. h4 hxg5 33. hxg5 Qe5 34. Qf4 Re8 35. Qxe5 Rxe5 36. Rd5 Rxe3 37. Kf2 Re6 38. Rd8 1-0

[Event "Tirnavia-B"]
[Site "Trnava"]
[Date "1983.03.20"]
[Round "3"]
[White "Mihaljcisin, Mihajlo"]
[Black "Mokry, Karel"]
[Result "1/2-1/2"]
[WhiteElo "2275"]
[BlackElo "2435"]
[PlyCount "142"]
[EventDate "1983.03.18"]
[EventType "tourn"]
[EventRounds "13"]
[EventCountry "CSR"]
[EventCategory "4"]
[SourceTitle "EXT 1998"]
[Source "ChessBase"]
[SourceDate "1997.11.17"]
[SourceVersion "1"]
[SourceVersionDate "1997.11.17"]
[SourceQuality "1"]

1. e4 c5 2. c3 Nf6 3. e5 Nd5 4. d4 cxd4 5. Nf3 Nc6 6. Bc4 Nb6 7. Bb3 d5 8. exd6 Qxd6 9. 0-0 Be6 10. Bxe6 Qxe6 11. Nxd4 Nxd4 12. Qxd4 Rd8 13. Qf4 Qc6 14. Nd2 g6 15. Nf3 Bg7 16. Qh4 Qa4 17. Qh3 0-0 18. Bh6 Qd7 19. Qh4 f6 20. Rfe1 e5 21. Bxg7 Kxg7 22. c4 Na4 23. Qe4 Nc5 24. Qc2 Qd3 25. Qxd3 Rxd3 26. b4 Na4 27. Rac1 Rfd8 28. h3 Nc3 29. Rc2 e4 30. Nd2 R8d4 31. Nb3 Rd1 32. Nxd4 Rxe1+ 33. Kh2 Na4 34. c5 Rd1 35. Nb5 a5 36. bxa5 Rd5 37. Nc7 Rd7 38. Ne8+ Kf7 39. Nd6+ Ke6 40. Nxe4 f5 41. Ng5+ Kf6 42. f4 Rc7 43. Rc4 Nxc5 44. Nxh7+ Ke6 45. Nf8+ Kd5 46. Rc3 Rc6 47. Rg3 Ra6 48. Rxg6 Rxa5 49. h4 Ne4 50. Ne6 Nf2 51. h5 Ng4+ 52. Kh3 Rxa2 53. Ng5 Ra6 54. Rg8 Rh6 55. Rf8 Rxh5+ 56. Kg3 Ne3 57. Kf3 Nc2 58. Rxf5+ Kc4 59. Rf7 b5 60. Rc7+ Kb3 61. g4 Rh1 62. Ne4 b4 63. f5 Rf1+ 64. Nf2 Rc1 65. Kf4 Rf1 66. Kg3 Ne3 67. Rc5 Ka4 68. Re5 Nxg4 69. Nxg4 b3 70. Re4+ Ka3 71. Ne3 Rxf5 1/2-1/2

[Event "Banja Luka"]
[Site "Banja Luka"]
[Date "1981.04.??"]
[Round "?"]
[White "Sax, Gyula"]
[Black "Mihaljcisin, Mihajlo"]
[Result "1-0"]
[WhiteElo "2560"]
[BlackElo "2325"]
[PlyCount "116"]
[EventDate "1981.04.13"]
[EventType "tourn"]
[EventRounds "11"]
[EventCountry "YUG"]
[EventCategory "9"]
[SourceTitle "MCL"]
[Source "ChessBase"]
[SourceDate "1999.07.01"]
[SourceVersion "1"]
[SourceVersionDate "1999.07.01"]
[SourceQuality "1"]

1. e4 c5 2. Nf3 Nc6 3. d4 cxd4 4. Nxd4 Nf6 5. Nc3 d6 6. g3 g6 7. Bg2 Nxd4 8. Qxd4 Bg7 9. 0-0 0-0 10. h3 Be6 11. Qd1 Rc8 12. Re1 Re8 13. Be3 Qa5 14. Ne2 a6 15. c3 Qc7 16. Nf4 Bd7 17. Qd2 e6 18. Nd3 Bc6 19. Bf4 Rcd8 20. Nb4 Bb5 21. c4 e5 22. Bg5 Bc6 23. Rac1 Rc8 24. Red1 Red8 25. Qe3 Re8 26. Qd2 Red8 27. h4 Qe7 28. Bh3 Ra8 29. b3 Qf8 30. Nxc6 bxc6 31. Qa5 h6 32. Be3 Rab8 33. f3 Qe7 34. Rc2 Nh5 35. Kg2 Bf6 36. Bg4 Kh7 37. Qxa6 Ng7 38. Rcd2 Ra8 39. Qxc6 h5 40. Bh3 Ne6 41. Bxe6 Qxe6 42. Rxd6 Rxa2+ 43. Bf2 Rxd6 44. Rxd6 Rxf2+ 45. Kxf2 Qh3 46. Rd1 Qh2+ 47. Ke3 Kg7 48. Qc5 Qxg3 49. Ke2 Bxh4 50. Qg1 Qf4 51. c5 Qf6 52. Rd6 Qe7 53. Qc1 Qa7 54. Qc3 Bg3 55. c6 h4 56. c7 h3 57. c8Q Qf2+ 58. Kd1 Qg1+ 1-0

[Event "Zamardi IM"]
[Site "Zamardi"]
[Date "1980.??.??"]
[Round "?"]
[White "Mihaljcisin, Mihajlo"]
[Black "Lanc, Alois"]
[Result "0-1"]
[WhiteElo "2350"]
[BlackElo "2380"]
[PlyCount "78"]
[EventDate "1980.04.??"]
[EventType "tourn"]
[EventRounds "17"]
[EventCountry "HUN"]
[EventCategory "4"]
[SourceTitle "MCD"]
[Source "ChessBase"]
[SourceDate "1999.07.01"]
[SourceVersion "1"]
[SourceVersionDate "1999.07.01"]
[SourceQuality "1"]

1. e4 c5 2. c3 d5 3. exd5 Qxd5 4. d4 e6 5. Nf3 Nf6 6. Bd3 Nc6 7. 0-0 Bd7 8. Be3 cxd4 9. cxd4 Bd6 10. Nc3 Qh5 11. h3 Rc8 12. a3 0-0 13. Be2 Qf5 14. Bd3 Qh5 15. Be2 Qf5 16. Rc1 Nd5 17. Bd3 Nxe3 18. fxe3 Qh5 19. Ne4 Be7 20. Nc5 Be8 21. b4 Nd8 22. Ne4 Rxc1 23. Qxc1 Qh6 24. Re1 f5 25. Ned2 Bd6 26. e4 Bg3 27. Re2 fxe4 28. Bxe4 Bb5 29. Re1 Nc6 30. Bxc6 Bxc6 31. Rf1 Bb5 32. Qc3 Bxf1 33. Nxf1 Bf4 34. Kh1 Qf6 35. N1d2 Qf5 36. Kg1 Qd5 37. Kf2 Bxd2 38. Qxd2 e5 39. Kg3 exd4 0-1

[Event "Prague"]
[Site "Prague"]
[Date "1980.??.??"]
[Round "?"]
[White "Vaisman, Volodia"]
[Black "Mihaljcisin, Mihajlo"]
[Result "1-0"]
[WhiteElo "2415"]
[BlackElo "2350"]
[PlyCount "75"]
[EventDate "1980.??.??"]
[EventType "tourn"]
[EventRounds "13"]
[EventCountry "CZE"]
[SourceTitle "EXT 2010"]
[Source "ChessBase"]
[SourceDate "2010.11.25"]
[SourceVersion "1"]
[SourceVersionDate "2010.11.25"]
[SourceQuality "1"]

1. e4 c5 2. Nf3 Nc6 3. d4 cxd4 4. Nxd4 Nf6 5. Nc3 d6 6. Bg5 e6 7. Qd3 a6 8. 0-0-0 Bd7 9. f4 Rc8 10. Nxc6 Bxc6 11. f5 Qa5 12. Bxf6 gxf6 13. Qh3 Bd7 14. Be2 h5 15. Kb1 Qe5 16. Rhe1 Be7 17. Bxh5 Kf8 18. g4 b5 19. Qg2 Rc4 20. fxe6 fxe6 21. Qf1 Kg7 22. Qd3 Rhc8 23. Re2 b4 24. Nd5 Bd8 25. Ne3 Rxe4 26. Nf1 Rcc4 27. Nd2 Rxe2 28. Qg6+ Kh8 29. Qh6+ Kg8 30. Nxc4 Re1 31. Bf7+ Kxf7 32. Nxe5+ Rxe5 33. Qh7+ Ke8 34. Qh8+ Ke7 35. Rf1 Bb5 36. Qxf6+ Kd7 37. Qf7+ Kc6 38. Rd1 1-0

[Event "YUG Team-ch31"]
[Site "Donji Milanovac"]
[Date "1979.08.28"]
[Round "3.3"]
[White "Krnic, Zdenko"]
[Black "Mihaljcisin, Mihajlo"]
[Result "1/2-1/2"]
[WhiteElo "2390"]
[BlackElo "2420"]
[PlyCount "66"]
[EventDate "1979.08.27"]
[EventType "team-tourn"]
[EventRounds "9"]
[EventCountry "YUG"]
[SourceTitle "EXT 2010"]
[Source "ChessBase"]
[SourceDate "2010.11.25"]
[SourceVersion "1"]
[SourceVersionDate "2010.11.25"]
[SourceQuality "1"]
[WhiteTeam "Belgrade Crvena Zvezda"]
[BlackTeam "Banja Luka"]
[WhiteTeamCountry "YUG"]
[BlackTeamCountry "YUG"]

1. Nf3 Nf6 2. c4 c5 3. Nc3 e6 4. g3 d5 5. cxd5 Nxd5 6. Bg2 Nc6 7. 0-0 Be7 8. d3 0-0 9. Bd2 b6 10. Rc1 Bb7 11. Qa4 a6 12. a3 Rc8 13. Na2 Qd7 14. b4 Rfd8 15. Qb3 Nd4 16. Nxd4 cxd4 17. Rc4 Bf6 18. Rfc1 b5 19. Rc5 Be7 20. R5c2 Rxc2 21. Rxc2 Rc8 22. Qb2 Rxc2 23. Qxc2 Nb6 24. Bxb7 Qxb7 25. Nc1 Qc8 26. Qxc8+ Nxc8 27. Nb3 e5 28. Kg2 f6 29. e3 dxe3 30. Bxe3 Kf7 31. f4 Ke6 32. Kf3 Kd5 33. fxe5 fxe5 1/2-1/2

[Event "Prague Metro"]
[Site "Prague"]
[Date "1979.??.??"]
[Round "7"]
[White "Damjanovic, Mato"]
[Black "Mihaljcisin, Mihajlo"]
[Result "1/2-1/2"]
[WhiteElo "2420"]
[BlackElo "2420"]
[PlyCount "26"]
[EventDate "1979.??.??"]
[EventType "tourn"]
[EventRounds "15"]
[EventCountry "CSR"]
[EventCategory "4"]
[SourceTitle "EXT 2004"]
[Source "ChessBase"]
[SourceDate "2003.11.25"]
[SourceVersion "1"]
[SourceVersionDate "2003.11.25"]
[SourceQuality "1"]

1. e4 e5 2. Nf3 Nc6 3. Bb5 a6 4. Ba4 Nf6 5. 0-0 Be7 6. Re1 b5 7. Bb3 0-0 8. a4 Bb7 9. d3 d6 10. Bd2 b4 11. c3 bxc3 12. Bxc3 Rb8 13. Nbd2 Nd7 1/2-1/2

[Event "Prague Metro"]
[Site "Prague"]
[Date "1979.??.??"]
[Round "14"]
[White "Mihaljcisin, Mihajlo"]
[Black "Lengyel, Bela"]
[Result "0-1"]
[WhiteElo "2420"]
[BlackElo "2350"]
[PlyCount "72"]
[EventDate "1979.??.??"]
[EventType "tourn"]
[EventRounds "15"]
[EventCountry "CSR"]
[EventCategory "4"]
[SourceTitle "EXT 2004"]
[Source "ChessBase"]
[SourceDate "2003.11.25"]
[SourceVersion "1"]
[SourceVersionDate "2003.11.25"]
[SourceQuality "1"]

1. e4 e5 2. Nf3 Nc6 3. Bb5 a6 4. Ba4 Nf6 5. 0-0 Be7 6. Re1 b5 7. Bb3 d6 8. c3 0-0 9. d4 Bg4 10. d5 Na5 11. Bc2 c6 12. h3 Bh5 13. dxc6 Qc7 14. Nbd2 Nxc6 15. g4 Bg6 16. Nf1 d5 17. exd5 Rad8 18. Bb3 e4 19. Nh4 Ne5 20. g5 Bh5 21. Qd2 Nxd5 22. Bxd5 h6 23. Rxe4 hxg5 24. Nf5 Nf3+ 25. Kg2 Nxd2 26. Nxe7+ Kh7 27. Bxd2 f5 28. Bxg5 Bf3+ 29. Kxf3 fxe4+ 30. Kxe4 Rde8 31. Kd3 Rxe7 32. Bxe7 Qxe7 33. Be4+ Kh8 34. f3 Qg5 35. Ne3 Qg3 36. Nf5 Rxf5 0-1

[Event "Pazardzik"]
[Site "Pazardzik"]
[Date "1978.11.06"]
[Round "11"]
[White "Mihaljcisin, Mihajlo"]
[Black "Grigorov, Jordan N"]
[Result "1/2-1/2"]
[WhiteElo "2380"]
[BlackElo "2340"]
[PlyCount "37"]
[EventDate "1978.10.27"]
[EventType "tourn"]
[EventRounds "13"]
[EventCountry "BUL"]
[SourceTitle "EXT 2020"]
[Source "ChessBase"]
[SourceDate "2019.10.17"]
[SourceVersion "1"]
[SourceVersionDate "2019.10.17"]
[SourceQuality "1"]

1. e4 c5 2. Nf3 Nc6 3. d4 cxd4 4. Nxd4 Nf6 5. Nc3 d6 6. Bg5 e6 7. Qd2 a6 8. 0-0-0 Bd7 9. f4 b5 10. Bxf6 gxf6 11. Kb1 Qb6 12. Nf3 0-0-0 13. f5 h5 14. g3 Ne5 15. Nd4 Bh6 16. Qe1 Ng4 17. fxe6 fxe6 18. Bh3 Kb8 19. Rd3 1/2-1/2

[Event "Pazardzik"]
[Site "Pazardzik"]
[Date "1978.10.31"]
[Round "5"]
[White "Pelitov, Dimitar"]
[Black "Mihaljcisin, Mihajlo"]
[Result "1/2-1/2"]
[WhiteElo "2340"]
[BlackElo "2380"]
[PlyCount "27"]
[EventDate "1978.10.27"]
[EventType "tourn"]
[EventRounds "13"]
[EventCountry "BUL"]
[SourceTitle "EXT 2020"]
[Source "ChessBase"]
[SourceDate "2019.10.17"]
[SourceVersion "1"]
[SourceVersionDate "2019.10.17"]
[SourceQuality "1"]

1. e4 c5 2. Nf3 Nc6 3. d4 cxd4 4. Nxd4 Nf6 5. Nc3 d6 6. Bc4 Qb6 7. Nb3 e6 8. Be3 Qc7 9. f4 a6 10. 0-0 Be7 11. Bd3 b5 12. a3 Bb7 13. Qf3 g6 14. Kh1 1/2-1/2